ბათუმის შოთა რუსთაველის სახელმწიფო უნივერსიტეტის ბიბლიოთეკა

ტრაქტატი ადამიანური შემეცნების პრინციპების შესახებ = A Treatise Concerning thePrinciples Human Knowledge / (ბიბ.ჩანაწერი № 58583)

000 -ლიდერი
ფიქსირებული სიგრძის საკონტროლო ველი 01429nam a22002417a 4500
003 - საკონტროლო ნომრის იდენტიფიკატორი
საკონტროლო ველი Ge_BSU
005 - ბოლო ოპერაციის თარიღი და დრო
საკონტროლო ველი 20220607113433.0
008 - ფიქსირებული სიგრძის მონაცემთა ელემენტები - ზოგადი ინფორმაცია
ფიქსირებული სიგრძის საკონტროლო ველი 220607s2021 ge ||||| |||| 00| 0 geo d
020 ## - წიგნის საერთაშორისო სტანდარტული ნომერი
International Standard Book Number 9789941829659
041 ## - ენის კოდი
Language code of text/sound track or separate title geo
080 ## - უნივერსალური ათობითი კლასიფიკაციის ინდექსი
Universal Decimal Classification number 1(410)+165 ბ-51
100 ## - მთავარი ჩანაწერი - პიროვნების სახელი
Personal name ბერკლი, ჯორჯ
9 (RLIN) 14001
245 ## - ცნობა სათაურის შესახებ
Title ტრაქტატი ადამიანური შემეცნების პრინციპების შესახებ = A Treatise Concerning thePrinciples Human Knowledge /
Statement of responsibility, etc ჯორჯ ბერკლი ; მთარგმნელი: დიმიტრი უჩანეიშვილი ; წინასიტყვაობა თომას ჯ. მაკქორმაქი.
264 ## - წარმოების, გამოცემის, დისტრიბუციის და სხვა ცნობები
გამოცემის, წარმოების, დისტრიბუციის... ადგილი თბილისი :
გამოცემის, წარმოების, დისტრიბუციის... სახელწოდება აქტი,
გამოცემის, წარმოების, დისტრიბუციის... თარიღი 2021.
300 ## - ფიზიკური აღწერა
Extent 158 გვ. ;
Other physical details 20 სმ.
653 ## - INDEX TERM--UNCONTROLLED
Uncontrolled term ინგლისელი ფილოსოფოსები.
653 ## - INDEX TERM--UNCONTROLLED
Uncontrolled term ინგლისური ფილოსოფია.
653 ## - INDEX TERM--UNCONTROLLED
Uncontrolled term ადამიანური შემეცნება.
700 ## - ADDED ENTRY--PERSONAL NAME
Personal name უჩანეიშვილი, დიმიტრი
Relator term მთარგმნელი
9 (RLIN) 13895
700 ## - ADDED ENTRY--PERSONAL NAME
Personal name მაკქორმაქი, თომას ჯ.
Relator term წინასიტყვაობის ავტორი
9 (RLIN) 14002
700 ## - ADDED ENTRY--PERSONAL NAME
Personal name ცაცუა, გიზო
Relator term გამომცემელი
9 (RLIN) 13970
942 ## - ADDED ENTRY ELEMENTS (KOHA)
Source of classification or shelving scheme
Koha item type წიგნი
ეგზემპლარები
ჩამოწერის სტატუსი დაკარგული ეგზემპლარის სტატუსი კლასიფიკაციის წყარო ან თაროზე გაწყობის სქემა დაზიანების სტატუსი არ გაიცემა მუდმივი მდებარეობა (დაცვის ადგილი) ამჟამინდელი ადგილსამყოფელი თაროზე განთავსების ადგილი შეძენის თარიღი ღირებულება, შესყიდვის ნორმალური ფასი სრული შენახვის შიფრი შტრიხკოდი ბოლო ოპერაციის თარიღი ეგზემპლარის მიმდევრობითი ნომერი (კეტერი?) ფასის ძალაში შესვლის თარიღი ეგზემპლარის სახეობა საჯარო შენიშვნა
          ბათუმის შოთა რუსთაველის სახელმწიფო უნივერსიტეტის მთავარი ბიბლიოთეკა ბათუმის შოთა რუსთაველის სახელმწიფო უნივერსიტეტის მთავარი ბიბლიოთეკა წიგნსაცავი 2022-06-07 15.00 1(410)+165 ბ-51 62588 2022-06-07 62588 2022-06-07 წიგნი 15 ლ.
          ბათუმის შოთა რუსთაველის სახელმწიფო უნივერსიტეტის მთავარი ბიბლიოთეკა ბათუმის შოთა რუსთაველის სახელმწიფო უნივერსიტეტის მთავარი ბიბლიოთეკა წიგნსაცავი 2022-06-07 15.00 1(410)+165 ბ-51 62589 2022-06-07 62589 2022-06-07 წიგნი 15 ლ.